MARC details
| 000 -LEADER |
| campo de control de longitud fija |
01762nam a2200373 i 4500 |
| 001 - NÚMERO DE CONTROL |
| campo de control |
197626 |
| 003 - IDENTIFICADOR DE NÚMERO DE CONTROL |
| campo de control |
ES-MaACL |
| 005 - FECHA Y HORA DE LA ÚLTIMA TRANSACCIÓN |
| campo de control |
20250805062653.0 |
| 007 - CAMPO FIJO DE DESCRIPCIÓN FÍSICA--INFORMACIÓN GENERAL |
| campo de control de longitud fija |
ta |
| 008 - DATOS DE LONGITUD FIJA--INFORMACIÓN GENERAL |
| campo de control de longitud fija |
980720s1998 sp | ||| ||spa |
| 016 7# - NÚMERO DE CONTROL DE UNA AGENCIA BIBLIOGRÁFICA NACIONAL |
| Número de control del registro |
bimoBNE19981834398 |
| Fuente |
SpMaBN |
| 017 ## - NÚMERO DE COPYRIGHT O DE DEPÓSITO LEGAL |
| Número de copyright o de depósito legal |
M 8812-1998 |
| Agencia que asigna |
Oficina Depósito Legal Madrid |
| 020 ## - NÚMERO INTERNACIONAL ESTÁNDAR DEL LIBRO |
| Número Internacional Estándar del Libro |
84898950157 |
| 035 ## - NÚMERO DE CONTROL DEL SISTEMA |
| Número de control de sistema |
(OCoLC)733473812 |
| 035 ## - NÚMERO DE CONTROL DEL SISTEMA |
| Número de control de sistema |
(SpMaBN)bimo0000937991 |
| 035 ## - NÚMERO DE CONTROL DEL SISTEMA |
| Número de control de sistema |
991039754759708606 |
| 040 ## - FUENTE DE CATALOGACIÓN |
| Centro catalogador/agencia de origen |
SpMaBN |
| Lengua de catalogación |
spa |
| Centro/agencia transcriptor |
SpMaBN |
| Normas de descripción |
rdc |
| 080 ## - NÚMERO DE LA CLASIFICACIÓN DECIMAL UNIVERSAL |
| Número de la Clasificación Decimal Universal |
75 Greco (064.3) |
| 100 ## - ENTRADA PRINCIPAL--NOMBRE DE PERSONA |
| Nombre de persona |
Pérez Sánchez, Alfonso E., |
| Fechas asociadas al nombre |
1935-2010 |
| 9 (RLIN) |
240883 |
| Término indicativo de función/relación |
Comisario |
| 245 13 - MENCIÓN DEL TÍTULO |
| Título |
El Greco, conocido y redescubierto : |
| Resto del título |
1998 : Fundación Fondo de Cultura de Sevilla, Hospital de los Venerables, Sevilla, marzo/abril : Fundación Central Hispano, Salas de Exposiciones, Madrid, mayo/junio : Museo de Bellas Artes de Asturias, Palacio de Velarde, Oviedo, junio/julio / |
| Mención de responsabilidad, etc. |
preparación, texto y catálogo, Alfonso E. Pérez Sánchez |
| 260 ## - PUBLICACIÓN, DISTRIBUCIÓN, ETC. |
| Lugar de publicación, distribución, etc. |
Sevilla |
| Nombre del editor, distribuidor, etc. |
Fundación Fondo de Cultura de Sevilla ; |
| Lugar de publicación, distribución, etc. |
Madrid |
| Nombre del editor, distribuidor, etc. |
FundaciónCentral Hispano ; |
| Lugar de publicación, distribución, etc. |
Oviedo |
| Nombre del editor, distribuidor, etc. |
Museo de Bellas Artes de Asturias |
| Fecha de publicación, distribución, etc. |
[1998] |
| 300 ## - DESCRIPCIÓN FÍSICA |
| Extensión |
91 páginas |
| Otras características físicas |
ilustraciones a color y blanco y negro |
| Dimensiones |
28 cm |
| 336 ## - TIPO DE CONTENIDO |
| Fuente |
rdacontent |
| Término de tipo de contenido |
texto |
| 337 ## - TIPO DE MEDIO |
| Fuente |
rdamedia |
| Nombre/término del tipo de medio |
sin mediación |
| 338 ## - TIPO DE SOPORTE |
| Fuente |
rdacarrier |
| Nombre/término del tipo de soporte |
volumen |
| 600 04 - PUNTO DE ACCESO ADICIONAL DE MATERIA--NOMBRE DE PERSONA |
| Nombre de persona |
El Greco |
| 9 (RLIN) |
46893 |
| 655 #7 - TERMINO DE INDIZACIÓN--GENERO/FORMA |
| Fuente del término |
tgfbne |
| 9 (RLIN) |
193628 |
| Datos o término principal de género/forma |
Catálogos de exposiciones |
| 852 ## - LOCALIZACIÓN |
| Ubicación |
ES-MaACL |
| Ubicación en estantería |
Depósito 1 |
| Número de control de estantería |
A-15714 |
| Donativo/Legado |
Donación: Fernando Codina Rodríguez |
| Encuadernación |
Encuadernación rústica |
| itemnumber |
206072 |
| 903 ## - NOMBRE PERSONAL DE DONANTE |
| a |
Codina Rodríguez, Fernando |
| e |
Donante |
| 9 |
238631 |
| 942 ## - ELEMENTOS DE ENTRADA SECUNDARIOS (KOHA) |
| Suprimir en OPAC |
No |
| Tipo de ítem Koha |
Libro impreso |